[Event "EU-ch U20"]
[Site "Aviles"]
[Date "2000.08.26"]
[Round "10"]
[White "Sedlak, Nikola"]
[Black "Radjabov, Teimour"]
[Result "0-1"]
[WhiteElo "2423"]
[BlackElo "2476"]
[Annotator "Radjabov,T"]
[PlyCount "108"]
[EventDate "2000.08.18"]
[EventType "swiss"]
[EventRounds "11"]
[EventCountry "ESP"]
[SourceTitle "CBM 077 Extra"]
[Source "ChessBase"]
[SourceDate "2000.09.14"]
[SourceVersion "1"]
[SourceVersionDate "2000.09.14"]
[SourceQuality "1"]

1. e4 e6 2. d4 d5 3. Nc3 Nf6 4. e5 Nfd7 5. f4 c5 6. Nf3 a6 7. Be3 {This game
played in round 10. Four rounds before I won with black against Mastrovasilis,
with Mastrovasilis I played Nc6. And here I prefered Qb6.} Qb6 8. Na4 Qa5+ 9.
c3 cxd4 10. b4 Qc7 {Very known position in theory, white can take with bishop,
with queen. If to take to d4 with knight, then just b5! wins pawn on c3 and b4.
After 11.Qxd4 interesting games is Lutz-Morozevich.} 11. Bxd4 (11. Qxd4 a5 $5 (
11... Nc6 $5)) (11. Nxd4 $4 b5 $19) 11... Nc6 12. Be3 b5 13. Nb2 Ncxe5 $1 $146
14. fxe5 (14. Nxe5 Nxe5 15. fxe5 Qxc3+ 16. Qd2 Bxb4 $17) 14... Qxc3+ 15. Qd2
Bxb4 16. Kf2 Qxd2+ 17. Nxd2 (17. Bxd2 Bxd2 18. Nxd2 Nxe5 {And then somewhere
just with Nc4 I can make my pawns very strong!}) 17... Nxe5 18. Rb1 $6 (18. Nd3
$5 Ng4+ $17) 18... Ng4+ 19. Ke2 Nxe3 20. Kxe3 e5 21. Nb3 $1 {The best move!
Whites pieces going to queenside to be not attacked by blacks pawns, when the
pawns will be on e4 and d4!} O-O (21... d4+ $5 22. Kf2 Bf5 23. Nd3 Rc8 $5 $17 {
or -+}) 22. Be2 {Again the best! White wants to play Bd3 but Bd3 is impossible
because of d4+ and f5 then. From now it seems that bishop going to f3 and then
after e4 black pawns will have less energy.} Bf5 {I made Bf5 to force whites
Bd3 move. To get pieces which I will attack when my pawns will go ahead.} 23.
Bd3 {Just 23... Be6 and then f5 and d4 and e4!} d4+ $6 (23... Be6 $1 $19) 24.
Kf3 $8 (24. Kf2 $4 e4 $19 25. Nxd4 $2 Bc5 $1 $19) 24... Be6 25. g4 (25. Be4
Rae8 $19) 25... Rac8 {Here I have seen that 25...f5 winning material. But I
miscalculated the next variation.} (25... f5 26. gxf5 Bd5+ 27. Kg4 h5+ 28. Kxh5
e4 29. Bf1 Rxf5+ 30. Kg4 Raf8 31. Nxd4 Rf4+ $19) 26. Rhc1 Rc3 $5 27. Rxc3 (27.
Ke4 Bxb3 28. axb3 Rfc8 29. Rf1 Rxb3 $19) 27... dxc3 28. Nd1 f5 29. Ke2 Rd8 $3 {
Now black want just to play ...30...Bc4 -+ with exchange of white bishop which
is very important for whites defence.Or to play fxg4 before or f4 with good
attack!} (29... e4 30. Bc2 fxg4 31. Bxe4 $2 (31. Ne3 $5) (31. Ke3 $5) 31... Re8
$1 $19 {[%csl Ge8] With attack on e line}) (29... fxg4 30. a3 $1 Bxa3 31. Nxc3
Rf3 32. Nd2 Rh3 33. Nf1 h5 34. Ne4 $11) 30. Bc2 $8 (30. gxf5 Rxd3 $1 31. fxe6 (
31. Kxd3 $4 Bxf5+ 32. Ke3 Bxb1 $19) 31... c2 32. Rc1 cxd1=Q+ 33. Rxd1 Rxd1 34.
Kxd1 Kf8 $19) 30... Kf8 {The idea of the move was, that after Bxb3 whites
bishop takes on b3 without check!} (30... fxg4 {Was absoulutely winning for
black!}) 31. gxf5 Bxb3 32. Bxb3 Rd2+ 33. Kf3 a5 $1 {Now c2 is a threat!} (33...
Rxh2 34. Rc1 $5 Ke7 35. Ne3 Kd6 36. Nd5 Ba5 37. f6 gxf6 38. Nxf6 {Many pawns
exchanged on the board and I think white will get big chances for a draw.}) 34.
Ne3 (34. Rc1 Rxh2 (34... a4 35. Be6 Rxh2 36. Ne3 h5 37. Ke4 Ba5 $17) 35. Ne3
Rh4 36. Bd5 Rf4+ 37. Ke2 Rd4 38. Bc6 Rd2+ 39. Kf3 Rxa2 40. Bxb5 a4 41. Nd5 Ba5
42. Ke4 a3 43. Nxc3 Rb2 44. Bc4 $14) 34... Bc5 35. a4 $4 (35. Rd1 c2 $5 (35...
a4 $5 36. Rxd2 axb3 37. Rd8+ Ke7 38. Rd3 bxa2 (38... c2 $2 39. Nxc2 $14) 39.
Nc2 b4 40. Na1 Bd4 41. Ke2 Kf6 42. Nb3 Kxf5 43. Rd1 Ke4 (43... c2 $1 44. Rf1+
Kg4 45. Kd3 Bc3 46. Rc1 (46. Kxc2 e4 47. Rg1+ Kh3 48. Rg5 a1=Q 49. Nxa1 Bxa1
50. Rh5+ Kg2 51. Rxh7 Bf6 52. Rh5 e3 53. Rb5 b3+ $3 54. Kd3 (54. Kxb3 e2 $19) (
54. Rxb3 e2 55. Re3 Kf2 56. Kd3 e1=Q $19 57. Rxe1 Kxe1 58. Ke4 Kf2 59. Kf5 Kg2
$19) 54... b2 55. Kxe3 Kxh2 56. Kf3 Kg1 57. Rb4 Kf1 58. Ke3 Ke1 59. Rb6 Kd1 $19
) 46... Bb2 47. Rxc2 a1=Q 48. Nxa1 Bxa1 49. Kc4 Bc3 $19) 44. Ra1 Kd5 45. Rxa2
Kc4 46. Na5+ Kb5 47. Nb3 $11) 36. Bxc2 Bxe3 37. Rxd2 Bxd2 38. Ke4 Bf4 39. Bd3
b4 40. h3 a4 41. Bc2 b3 42. axb3 a3 43. Bb1 Ke7 44. Kd5 Kd7 45. b4 Kc7 46. Ba2
Kb6 47. Bc4 Bg3 48. Ke4 Kc6 49. Kd3 Be1 50. Ke4 Bxb4 51. Kxe5 Bc3+ 52. Ke4 Bf6
53. Kd3 Kd6 54. Ke4 h5 55. Bf7 Ke7 56. Ba2 Bb2 57. Ke3 Kf6 58. Kf4 Bc1+ 59. Ke4
Kg5 $19) 35... Bxe3 $1 36. Kxe3 b4 37. Ke4 Re2+ 38. Kd5 e4 39. Bc4 Rb2 40. Rc1
e3 41. Kd4 e2 42. Ke3 b3 $1 $19 43. Bxb3 (43. Bxe2 $2 Rxe2+ $1 44. Kxe2 b2 45.
Kd1 bxc1=Q+ 46. Kxc1 Ke7 47. Kc2 Kd6 48. Kxc3 Kc5 $19) 43... Rxb3 44. Kxe2 Rb2+
45. Kd3 Rxh2 46. Kxc3 Rf2 47. Rh1 h6 48. Rh5 Rf4 49. f6 g5 (49... Rxa4 50.
fxg7+ Kxg7 51. Kb3 Rb4+ 52. Ka3 Rb8 $19) 50. Rxh6 Kf7 51. Kd3 Rxa4 (51... Rh4
$1 $19) 52. Ke3 Rf4 (52... Rh4 $1 $19) 53. Rh8 Kxf6 54. Rf8+ Kg6 0-1

[Event "EU-ch U20"]
[Site "Aviles"]
[Date "2000.08.27"]
[Round "11"]
[White "Berg, Emanuel"]
[Black "Radjabov, Teimour"]
[Result "1/2-1/2"]
[WhiteElo "2456"]
[BlackElo "2476"]
[PlyCount "85"]
[EventDate "2000.08.18"]
[EventType "swiss"]
[EventRounds "11"]
[EventCountry "ESP"]
[SourceTitle "CBM 077 Extra"]
[Source "ChessBase"]
[SourceDate "2000.09.14"]
[SourceVersion "1"]
[SourceVersionDate "2000.09.14"]
[SourceQuality "1"]

1. e4 e6 2. d4 d5 3. Nc3 Nf6 4. e5 Nfd7 5. f4 c5 6. Nf3 a6 7. Be3 Qb6 8. a3
cxd4 9. Nxd4 Nc6 10. Be2 Bc5 11. Na4 Qa5+ 12. c3 Bxd4 13. Bxd4 Nxd4 14. Qxd4
O-O 15. O-O Qc7 16. b4 b6 17. Nb2 Bb7 18. c4 f6 19. exf6 Nxf6 20. Rac1 Rad8 21.
c5 bxc5 22. Qxc5 Qb8 23. Qb6 d4 24. Bxa6 Bxa6 25. Qxe6+ Kh8 26. Qxa6 Nd5 27.
Nd3 Nxf4 28. Nxf4 Rxf4 29. Qd3 h6 30. b5 Rxf1+ 31. Rxf1 Qb6 32. h3 Qc5 33. Rb1
Ra8 34. b6 Rb8 35. Rb5 Qc1+ 36. Qf1 Qe3+ 37. Kh2 d3 38. a4 d2 39. Rd5 Rxb6 40.
Rd8+ Kh7 41. Qd3+ Qxd3 42. Rxd3 Ra6 43. Rxd2 1/2-1/2

[Event "Torshavn op 3rd"]
[Site "Torshavn"]
[Date "2000.10.06"]
[Round "1"]
[White "Radjabov, Teimour"]
[Black "Poulsen, Martin"]
[Result "1-0"]
[WhiteElo "2476"]
[BlackElo "2074"]
[PlyCount "75"]
[EventDate "2000.10.06"]
[EventType "swiss"]
[EventRounds "9"]
[EventCountry "FAI"]
[SourceTitle "CBM 078 Extra"]
[Source "ChessBase"]
[SourceDate "2000.11.10"]
[SourceVersion "1"]
[SourceVersionDate "2000.11.10"]
[SourceQuality "1"]

1. d4 Nf6 2. c4 c5 3. d5 b5 4. Nf3 bxc4 5. Nc3 g6 6. e4 d6 7. e5 dxe5 8. Nxe5
Bg7 9. Bxc4 O-O 10. O-O Ne8 11. f4 Nd6 12. Be2 Bb7 13. Bf3 Qc7 14. Re1 Nd7 15.
Qe2 Rfe8 16. Bd2 Nxe5 17. fxe5 Nf5 18. Bf4 Rad8 19. Qc4 Nd4 20. Rad1 Qc8 21.
Be4 Qc7 22. Rxd4 Ba6 23. Qxa6 cxd4 24. Nb5 Qc4 25. b3 Qb4 26. Kf1 Rb8 27. Bd3
Rb6 28. Qa4 Qc5 29. Qc4 Rc8 30. Rc1 Qxc4 31. Rxc4 Rxc4 32. bxc4 g5 33. Bg3 Ra6
34. c5 Rxa2 35. c6 Ra1+ 36. Ke2 h5 37. c7 Rc1 38. d6 1-0

[Event "Torshavn op 3rd"]
[Site "Torshavn"]
[Date "2000.10.07"]
[Round "2"]
[White "Baburin, Alexander"]
[Black "Radjabov, Teimour"]
[Result "1-0"]
[WhiteElo "2590"]
[BlackElo "2476"]
[PlyCount "93"]
[EventDate "2000.10.06"]
[EventType "swiss"]
[EventRounds "9"]
[EventCountry "FAI"]
[SourceTitle "CBM 078 Extra"]
[Source "ChessBase"]
[SourceDate "2000.11.10"]
[SourceVersion "1"]
[SourceVersionDate "2000.11.10"]
[SourceQuality "1"]

1. d4 e6 2. c4 f5 3. g3 Nf6 4. Bg2 c6 5. Qc2 d5 6. Nh3 Bd6 7. O-O O-O 8. Bf4
Be7 9. Nd2 h6 10. Bxb8 Rxb8 11. Nf4 Qe8 12. Nf3 Bd6 13. Ne5 Nd7 14. Nfd3 Nxe5
15. dxe5 Be7 16. b4 Bd7 17. a4 h5 18. Rfc1 h4 19. b5 Bg5 20. e3 dxc4 21. Nc5
cxb5 22. axb5 Bxb5 23. Nxb7 Be7 24. Rxa7 Qd7 25. Qa2 Qd3 26. Qa5 h3 27. Qxb5
hxg2 28. Qxc4 Qd7 29. Qc6 Qd2 30. Kxg2 Kh8 31. Rc2 Qd3 32. Qc4 Qd7 33. Qd4 Qb5
34. Nd6 Qb1 35. Rxe7 f4 36. exf4 Qxc2 37. f5 Rxf5 38. Nxf5 Qxf5 39. Qf4 Qg6 40.
h3 Qd3 41. Qg5 Qh7 42. Rxe6 Qe4+ 43. Kh2 Qe2 44. Qf5 Kg8 45. Rc6 Qd2 46. Rc8+
Rxc8 47. Qxc8+ 1-0

[Event "Torshavn op 3rd"]
[Site "Torshavn"]
[Date "2000.10.08"]
[Round "3"]
[White "Radjabov, Teimour"]
[Black "Krush, Irina"]
[Result "1-0"]
[WhiteElo "2476"]
[BlackElo "2354"]
[PlyCount "155"]
[EventDate "2000.10.06"]
[EventType "swiss"]
[EventRounds "9"]
[EventCountry "FAI"]
[SourceTitle "CBM 078 Extra"]
[Source "ChessBase"]
[SourceDate "2000.11.10"]
[SourceVersion "1"]
[SourceVersionDate "2000.11.10"]
[SourceQuality "1"]

1. d4 d5 2. Nf3 Nf6 3. c4 e6 4. Nc3 Bb4 5. Bg5 h6 6. Bxf6 Qxf6 7. e3 O-O 8.
cxd5 exd5 9. Rc1 c6 10. h3 Nd7 11. Bd3 Re8 12. O-O Qe7 13. a3 Bd6 14. Qc2 Nf6
15. Nd2 Bd7 16. Rfe1 Rac8 17. Qb3 Be6 18. Qa4 a6 19. Qd1 c5 20. dxc5 Bxc5 21.
Nf3 Ba7 22. Bb1 b5 23. Qd3 b4 24. Ne2 bxa3 25. bxa3 Bc5 26. a4 a5 27. Nf4 Bb4
28. Rf1 Qd7 29. Nd4 Rxc1 30. Rxc1 Rc8 31. Rd1 Qe8 32. Nfxe6 fxe6 33. Qa6 Kf7
34. Bd3 Rc7 35. Qb6 Rc3 36. Bb5 Qc8 37. Nc6 Rc5 38. Nxb4 axb4 39. Ba6 Qc7 40.
Qxc7+ Rxc7 41. Rb1 Ne4 42. Rxb4 Rc1+ 43. Kh2 Nc5 44. Bb5 Ra1 45. h4 Ra2 46. f3
Ra3 47. e4 Kf6 48. exd5 exd5 49. Rf4+ Ke5 50. Rg4 d4 51. Rxg7 d3 52. Re7+ Kf4
53. Bxd3 Rxd3 54. a5 Ra3 55. Rh7 Rxa5 56. Rxh6 Nd7 57. Rd6 Ra7 58. Re6 Nc5 59.
Rc6 Nd7 60. Rc4+ Ke5 61. g4 Kf6 62. Kg3 Ne5 63. Rf4+ Kg7 64. Rf5 Re7 65. h5 Nf7
66. Ra5 Rb7 67. g5 Rc7 68. f4 Rb7 69. Kg4 Rc7 70. Ra6 Rb7 71. h6+ Kh7 72. Kh5
Nh8 73. f5 Rb5 74. g6+ Nxg6 75. Ra7+ Ne7 76. Rxe7+ Kg8 77. Kg6 Rb8 78. f6 1-0

[Event "Torshavn op 3rd"]
[Site "Torshavn"]
[Date "2000.10.10"]
[Round "5"]
[White "Radjabov, Teimour"]
[Black "Rowson, Jonathan"]
[Result "1/2-1/2"]
[WhiteElo "2476"]
[BlackElo "2494"]
[PlyCount "54"]
[EventDate "2000.10.06"]
[EventType "swiss"]
[EventRounds "9"]
[EventCountry "FAI"]
[SourceTitle "CBM 078 Extra"]
[Source "ChessBase"]
[SourceDate "2000.11.10"]
[SourceVersion "1"]
[SourceVersionDate "2000.11.10"]
[SourceQuality "1"]

1. d4 Nf6 2. c4 g6 3. Nc3 d5 4. Nf3 Bg7 5. Qb3 dxc4 6. Qxc4 O-O 7. e4 Nc6 8.
Be2 Bg4 9. d5 Na5 10. Qb4 Bxf3 11. Bxf3 c6 12. O-O Qb6 13. Qxb6 axb6 14. dxc6
bxc6 15. Rd1 Ra7 16. Rb1 Nd7 17. Be2 Nc5 18. Be3 Nab7 19. Bd4 Bxd4 20. Rxd4 e5
21. Rd2 Rd8 22. Rbd1 Ne6 23. Bc4 Rxd2 24. Rxd2 Nd4 25. f4 Na5 26. Bf1 Rd7 27.
Kf2 exf4 1/2-1/2

[Event "Torshavn op 3rd"]
[Site "Torshavn"]
[Date "2000.10.11"]
[Round "6"]
[White "Conquest, Stuart"]
[Black "Radjabov, Teimour"]
[Result "1-0"]
[WhiteElo "2529"]
[BlackElo "2476"]
[PlyCount "107"]
[EventDate "2000.10.06"]
[EventType "swiss"]
[EventRounds "9"]
[EventCountry "FAI"]
[SourceTitle "CBM 078 Extra"]
[Source "ChessBase"]
[SourceDate "2000.11.10"]
[SourceVersion "1"]
[SourceVersionDate "2000.11.10"]
[SourceQuality "1"]

1. Nf3 e6 2. c4 d5 3. g3 f5 4. cxd5 exd5 5. Bg2 Nf6 6. O-O c6 7. d3 Be7 8. e3
O-O 9. Nc3 Na6 10. b3 Nc5 11. Bb2 a5 12. Ne2 Bd6 13. Qc2 Qe7 14. Ned4 Bd7 15.
Rfe1 Rae8 16. Rad1 Na6 17. Nh4 Ng4 18. h3 Nb4 19. Qe2 Nh6 20. f4 Nxa2 21. Ra1
Nb4 22. Rxa5 Na6 23. Nc2 Bxf4 24. gxf4 Qxh4 25. Nd4 Qg3 26. Nf3 Bc8 27. Raa1
Re6 28. Ne5 Nf7 29. Rf1 Nxe5 30. Bxe5 Bd7 31. Rf3 Qh4 32. Kh2 Be8 33. Rg3 Rg6
34. Rxg6 Bxg6 35. b4 Qe7 36. b5 cxb5 37. Bxd5+ Kh8 38. d4 Nb4 39. Bg2 Qd7 40.
Rb1 Nd5 41. Qxb5 Rd8 42. Qxd7 Rxd7 43. Bxd5 Rxd5 44. Rxb7 Kg8 45. Kg3 Kf8 46.
Bxg7+ Ke8 47. Kh4 Ra5 48. Kg5 Ra3 49. d5 Rxe3 50. d6 Rg3+ 51. Kf6 Re3 52. d7+
Kd8 53. Bf8 Re4 54. Bc5 1-0

[Event "Torshavn op 3rd"]
[Site "Torshavn"]
[Date "2000.10.12"]
[Round "7"]
[White "Radjabov, Teimour"]
[Black "Salmensuu, Olli"]
[Result "1-0"]
[WhiteElo "2476"]
[BlackElo "2458"]
[Annotator "Radjabov,T"]
[PlyCount "37"]
[EventDate "2000.10.06"]
[EventType "swiss"]
[EventRounds "9"]
[EventCountry "FAI"]
[SourceTitle "CBM 078 Extra"]
[Source "ChessBase"]
[SourceDate "2000.11.10"]
[SourceVersion "1"]
[SourceVersionDate "2000.11.10"]
[SourceQuality "1"]

{This game played in the 7th round after my lost to Conquest 2529. And
ofcourse I had ambitions to win.} 1. d4 Nf6 2. c4 c5 3. d5 b5 4. Nf3 Bb7 5.
Nbd2 bxc4 6. e4 Qa5 {Ofcourse with the idea to take on e4 after Bxc4 but...} 7.
Bxc4 $1 d6 (7... Nxe4 $4 8. b4 Qxb4 9. Rb1 $18) 8. O-O Nbd7 9. Qe2 {Now e5 is
a threat, black's king is in center and black should do something to prevent
e5.} Qc7 {Ok e5 is prevented then I should prepare e5...} 10. b4 $3 g6 {
Yes, black wants to play Bg7 and 0-0 to get absoulutely normal position!} (
10... cxb4 11. Bb2 {[%cal Ge4e5] With the idea of e5}) 11. bxc5 Qxc5 12. Rb1
$16 {Rook is now playing at the open file and black have problems with his
bishop on b7. After Qc7 white can play Bb2 and then e5 or Ba3 with Idea of
Rfc1.} Rb8 13. e5 $1 dxe5 14. Nxe5 $18 Bg7 $8 15. Nxd7 Kxd7 (15... Nxd7 16. Ne4
Qc7 (16... Qa5 17. Rxb7 Rxb7 18. Nd6+ $18) 17. d6 Qc6 18. Bxf7+ $1 Kf8 (18...
Kxf7 $4 19. Ng5+ Kf8 (19... Kg8 20. Qe6+ Kf8 21. Qf7#) 20. Qxe7+ Kg8 21. Qf7#)
19. Rxb7 Rxb7 20. Rd1 $3 $18 {With the idea of Ng5 and dxe7+ and then Nd6+.} (
20. Be6 $5 $18)) 16. Bb5+ Kd8 (16... Kc8 17. Bb2 $1 $18 Qxd5 18. Nf3 {With
absoulutely winning position for white. Idea is to play Rbc1+ and Rfd1,
black's king in center and black have no chances!}) 17. Bc6 Kc7 18. Nb3 $1 {
Wins immediately!} Qd6 19. Bf4 {Here my opponent resigned because of the
following variation : 19...Qxf4 20.Qxe7+-Kc8 21.d6! +-} 1-0

[Event "Budapest FS12 GM"]
[Site "Budapest"]
[Date "2000.12.04"]
[Round "2"]
[White "Radjabov, Teimour"]
[Black "Barbero, Gerardo F"]
[Result "1-0"]
[WhiteElo "2476"]
[BlackElo "2445"]
[PlyCount "65"]
[EventDate "2000.12.??"]
[EventType "tourn"]
[EventRounds "11"]
[EventCountry "HUN"]
[EventCategory "8"]
[SourceTitle "CBM 079 Extra"]
[Source "ChessBase"]
[SourceDate "2001.01.11"]
[SourceVersion "2"]
[SourceVersionDate "2001.01.25"]
[SourceQuality "1"]

1. d4 Nf6 2. c4 c5 3. d5 d6 4. Nc3 g6 5. e4 Bg7 6. f3 O-O 7. Bg5 e6 8. Qd2 exd5
9. cxd5 a6 10. a4 Re8 11. Nge2 Nbd7 12. Ng3 Qa5 13. Be2 b5 14. O-O bxa4 15.
Rxa4 Qb6 16. Rfa1 h5 17. R1a2 Nh7 18. Be3 h4 19. Nh1 h3 20. g4 Qd8 21. Nf2 Qh4
22. Nb5 Nb6 23. Nc7 Nxa4 24. Nxe8 Bf8 25. Rxa4 Bd7 26. Bg5 Nxg5 27. Nf6+ Kh8
28. Nxd7 Bg7 29. f4 Nh7 30. g5 Bd4 31. Rxd4 cxd4 32. Qxd4+ Kg8 33. Ng4 1-0